00914nam a2200229Ia 4500003000900000008004100009020001800050040001600068080002100084100002800105245019000133260006600323300001500389650004100404650002300445650002300468700003900491700003500530942000700565999001500572952009700587IN-BaIIA211028s9999 xx 000 0 eng d a0-9603796-3-0 cIIA Library a083.8:524.7bCOR aCorwin, Harold G910714 0aSouthern galaxy catalougeba catalogue of 5481 galaxies south of declination-17 degrees found on 1.2-m U.K. Schmidt IIIa-J platescH. G. Corwin, A. de Vaucouleurs and G. de Vaucouleurs  aAustinbDepartment of Astronomy the University of Texasc1985 axxv, 308p. aAstronomy and Astrophysics Thesaurus aCatalogue-Galaxies aGalaxies catalogue aVaucouleurs, Antoinette, De910953 aVaucouleurs, Gerard, De910950 cBK c8697d8697 00104070aBANbBANcGENd1986-05-21l0o083.8:524.7/ CORp9572r2021-11-05w1986-05-21yBK